| 000 | 00484nam a2200157Ia 4500 | ||
|---|---|---|---|
| 008 | 151213s9999 xx 000 0 und d | ||
| 020 | _a984-32-2570-9 | ||
| 100 | _aআবুল আজাদ। | ||
| 245 |
_aঅব্ধনা আর ফিরবে না _cআবুল আজাদ। |
||
| 260 |
_aঢাকা _bআর এফ বি। _c2006 |
||
| 300 | _a8513 p. | ||
| 650 | _aBangla | ||
| 650 | _aBengali Literature | ||
| 700 | _aআবুল আজাদ। | ||
| 999 |
_c4350 _d4350 |
||